Petras Skarga ir Lietuvos Didžiosios Kunigaikštystės kultūra

Titel: Petras Skarga ir Lietuvos Didžiosios Kunigaikštystės kultūra : prof. Jurgio Lebedžio 100 metų jubiliejui / [sudarė ir parengė Mintautas Čiurinskas]
Beteiligt:
Veröffentlicht: Vilnius : Mokslo ir Enciklopedijų Leidykla, 2013
Umfang: 435 S.
Format: Buch
Sprache: Litauisch
Schriftenreihe/
mehrbändiges Werk:
Senoji Lietuvos literatūra ; 35 u. 36
Schlagworte:
Kein Bild verfügbar
X
Lokale Klassifikation: 45 10 E
alg: 36001359
001A    $03004:11-06-15 
001B    $01999:09-06-23 $t22:31:40.000 
001D    $03004:11-06-15 
001U    $0utf8 
001X    $00 
002@    $0Aau 
002C    $aText $btxt $2rdacontent 
002D    $aohne Hilfsmittel zu benutzen $bn $2rdamedia 
002E    $aBand $bnc $2rdacarrier 
003@    $0360013597 
003O    $0910932332 $aOCoLC 
007A    $0360013597 $aHEB 
007G    $0DE020501697477C607B0CC1257E670047AF76 
009P    $qapplication/pdf $A2 $3Inhaltsverzeichnis $uhttp://scans.hebis.de/HEBCGI/show.pl?36001359_toc.pdf $mV:DE-603;B:DE-Mb50 
010@    $alit 
011@    $a2013 
021A    $aPetras Skarga ir Lietuvos Didžiosios Kunigaikštystės kultūra $dprof. Jurgio Lebedžio 100 metų jubiliejui $h[sudarė ir parengė Mintautas Čiurinskas] 
028C    $BHerausgeber $4edt $8Čiurinskas, Mintautas$Z1970- [Tp3] $9448918064 
033A    $pVilnius $nMokslo ir Enciklopedijų Leidykla 
034D    $a435 S. 
036E    $aSenoji Lietuvos literatūra $l35 u. 36 
036F    $x235 $8Senoji Lietuvos literatūra $9197861989 $l35 u. 36 
037A    $aLiteraturangaben 
044K    $#Skarga, Piotr $#Pawe̜zki, Piotr Skarga $#Powe̜ski, P. $#Skarga, Pierre $#Skarga, Petr $#Scarga von Paveski, Petrus $#Skarga, Peter $#Scarga, Petro $#Scarga, Petrus $#Scharga, Pjotr $#Scharga, Petrus $#Pawezki, Piotr Skarga $#Pawezki, Piotr $#Poweski, Piotr $#Poweski, Piotr Skarga $#Skarha, Petro $#Skarga, Petro $7119327384 $8Skarga, Piotr$Z1536-1612 [Tp1] $9087667193 
045F    $a809 $eDDC23BSB 
045F/01 $a809 
045F/03 $g4793 
046L    $aZusammenfassung in englischer Sprache 

lok: 36001359 24
101B    $011-06-15 $t11:36:09.000 
101C    $011-06-15 
101U    $0utf8 
145Z/01 $a45 10 E 

exp: 36001359 24 1 #EPN
201B/01 $011-06-15 $t11:36:09.000 
201C/01 $011-06-15 
201U/01 $0utf8 
203@/01 $0755367405 
208@/01 $a11-06-15 $bz 
209A/01 $a15.05042 $du $f050 $h15 05042 $x00 
209C/01 $a15.05042 K $h15 05042 K 
209G/01 $a73531489 $x00 
220C/01 $acer 
244Z/01 $#Skarga, Piotr $#Pawe̜zki, Piotr Skarga $#Powe̜ski, P. $#Skarga, Pierre $#Skarga, Petr $#Scarga von Paveski, Petrus $#Skarga, Peter $#Scarga, Petro $#Scarga, Petrus $#Scharga, Pjotr $#Scharga, Petrus $#Pawezki, Piotr Skarga $#Pawezki, Piotr $#Poweski, Piotr $#Poweski, Piotr Skarga $#Skarha, Petro $#Skarga, Petro $7119327384 $8--Tp1--Skarga, Piotr$Z1536-1612 $x01 $9087667193 
247C/01 $8358050-7 Marburg, Bibliothek des Herder-Instituts Marburg $9102600961 

lok: 36001359 78

exp: 36001359 78 1 #EPN
201B/01 $016-09-19 $t14:18:43.000 
201C/01 $016-09-19 
201U/01 $0utf8 
203@/01 $01060034557 
208@/01 $a16-09-19 $be 
209A/01 $a/ $f000 $x00 
209A/01 $ab*p $x01 
220C/01 $apgar 
244Z/01 $#Generalgouvernement Polen $#Polska $#Rzeczpospolita Polska $#Polska Rzeczpospolita Ludowa $#Poland $#Pologne $#République Polonaise $#Generalne Gubernatorstwo w Polsce $#Polish People's Republic $#Polska Rzeczpospolita Polen $#PRL $#RP $#Polen Generalgouvernement $#Polska Generalgouvernement $#Besetzte Polnische Gebiete $#Besetztes Gebiet in Polen $#Okupowane Polskie Obszary $#Obszary Okupowane w Polsce $#Volksrepublik Polen $#Polska Rosyjska $#Republic Polen $#Respublika Pol'ša $#Pol'skaja Narodnaja Respublika $#République de Pologne $#Polen Links der Weichsel $#Polska po Lewej Stronie Wisły $#Lenkija $#Polija $#Gubernija Carstva Pol'skago $#Republik Polen $74046496-9 $8--Tg1--Polen $x01 $9085129801 
244Z/01 $#Litauen $#Litauen $#Lithuania $#Lietuvos Respublika $#République Lithuanienne $#Lithuanie $#Litva 1918 - 1940, 1991, 9 - $#Litovskaja Respublika $#Lithuania 1918 - 1940, 1991, 9 - $#Republik Litauen $#Republic of Lithuania $#Lithuanian Republic $#Litauische Republik $#Lietuva $74074266-0 $8--Tg1--Litauen $x02 $9085209074 
247C/01 $82080>Marburg/Lahn, Herder-Institut, Forschungsbibliothek, Bibliographieportal $9336309341
LEADER 00000cam a2200000 c 4500
001 360013597
003 DE-603
005 20230609223140.0
007 tu
008 150611s2013 xx |||| | u00||u|lit c
035 |a (DE-599)HEB360013597 
035 |a (OCoLC)910932332 
040 |a DE-603  |b ger  |c DE-603  |d DE-603 
041 |a lit 
082 0 4 |8 1\u  |a 809  |q DE-101  |2 23/BSB 
085 |8 1\u  |b 809 
085 |8 1\u  |z 2  |s 4793 
245 0 0 |a Petras Skarga ir Lietuvos Didžiosios Kunigaikštystės kultūra  |b prof. Jurgio Lebedžio 100 metų jubiliejui  |c [sudarė ir parengė Mintautas Čiurinskas] 
264 1 |a Vilnius  |b Mokslo ir Enciklopedijų Leidykla  |c 2013 
300 |a 435 S. 
336 |a Text  |b txt  |2 rdacontent 
337 |a ohne Hilfsmittel zu benutzen  |b n  |2 rdamedia 
338 |a Band  |b nc  |2 rdacarrier 
490 1 |a Senoji Lietuvos literatūra  |v 35 u. 36 
500 |a Literaturangaben 
546 |a Zusammenfassung in englischer Sprache 
600 1 7 |a Skarga, Piotr  |d 1536-1612  |0 (DE-588)119327384  |0 (DE-603)087667193  |2 gnd 
700 1 |a Čiurinskas, Mintautas  |d 1970-  |e Herausgeber  |4 edt  |0 (DE-603)448918064  |0 (DE-588)1186858036  |2 gnd 
830 0 |t Senoji Lietuvos literatūra  |v 35 u. 36  |w (DE-603)197861989  |w (DE-600)2124909-X  |9 235  |7 as 
856 4 2 |m V:DE-603;B:DE-Mb50  |q application/pdf  |u http://scans.hebis.de/HEBCGI/show.pl?36001359_toc.pdf  |3 Inhaltsverzeichnis 
924 0 |9 Mb 50  |a (DE-603)755367405  |b DE-Mb50  |c HES  |d c  |g 15.05042 
924 0 |9 2080  |a (DE-603)1060034557  |b DE-2080  |c HES  |d d  |g /